000 00504nam a2200169Ia 4500
999 _c36246
_d36246
003 OSt
005 20201207110007.0
008 190216s9999||||xx |||||||||||||| ||und||
020 _a9788185273228
040 _coclc
082 _a027.0068
_bRAN/L
100 _aRanganathan, S R
_97224
245 0 _aLibrary Administration /
_cS R Ranganathan
260 _bSarada Ranganathan Endowment,
_c1976.
_aBanglore:
300 _a670p
942 _cREF
_2ddc
_h027.0068
_iRAN/L
_k027.0068
_mRAN/L